000 00265nam a22001217a 4500
082 _a923.1 MEM'T
100 _aTRUMAN, HARRY S
_979448
245 _aMEMOIRS
250 _aVOL-1&2
260 _aNEWYORK
_bSIGNET
_c1965
650 _aWORLD WAR-II
_979449
942 _cBK
999 _c584488
_d584488